[Event "Portugal Open 2020"]
[Site "Lisboa POR"]
[Date "2020.01.31"]
[Round "8.93"]
[White "Gaudin, Bruno"]
[Black "Dias, Leonardo Ribeiro"]
[Result "0-1"]
[WhiteElo "1515"]
[BlackElo "1113"]
[WhiteFideId "647861"]
[BlackFideId "1949845"]
[WhiteCountry "FRA"]
[BlackCountry "POR"]
[PlyCount "90"]
[EventDate "2020.01.25"]

1. Nf3 Nc6 2. d4 d5 3. c4 e6 4. Nc3 Nf6 5. e3 Bd6 6. c5 Be7 7. Bb5 Bd7 8. O-O
O-O 9. Re1 b6 10. Ne5 Nxe5 11. dxe5 Ne4 12. c6 Nxc3 13. bxc3 a6 14. e4 axb5 15.
cxd7 Qxd7 16. Qg4 Rfd8 17. Bh6 g6 18. Re3 Bc5 19. Rh3 dxe4 20. Be3 Rxa2 21. Rf1
Bxe3 22. Rxe3 f5 23. exf6 Rf8 24. Rd1 Qc6 25. Qg5 Ra3 26. h4 Rxc3 27. Rxc3 Qxc3
28. Rc1 Qxf6 29. Qe3 c5 30. Rd1 Rd8 31. Rb1 Qd4 32. Qg5 b4 33. h5 Qd5 34. Qf6
Rf8 35. Qe7 Qf5 36. h6 Rf7 37. Qd8+ Rf8 38. Qh4 e3 39. Rd1 Qxf2+ 40. Qxf2 exf2+
41. Kf1 c4 42. Rd7 Rf7 43. Rd8+ Rf8 44. Rd7 b3 45. Rb7 c3 0-1

[Event "Portugal Open 2020"]
[Site "Lisboa POR"]
[Date "2020.01.31"]
[Round "8.94"]
[White "Vera Cruz, Aguinaldo"]
[Black "Antunes, Ana"]
[Result "1/2-1/2"]
[WhiteElo "1498"]
[BlackElo "1215"]
[WhiteFideId "23600250"]
[BlackFideId "1936310"]
[WhiteCountry "CPV"]
[BlackCountry "POR"]
[PlyCount "104"]
[EventDate "2020.01.25"]

1. e4 e5 2. Nf3 Nc6 3. Bb5 a6 4. Bxc6 dxc6 5. h3 Nf6 6. d3 Bd6 7. Bg5 O-O 8. O-O
Re8 9. Re1 h6 10. Bh4 Bc5 11. c3 b5 12. d4 g5 13. Bg3 exd4 14. cxd4 Bb4 15. Nc3
Bxc3 16. bxc3 Nxe4 17. Qd3 Nxg3 18. Rxe8+ Qxe8 19. fxg3 Be6 20. Re1 Qd7 21. Qd2
Qd5 22. a3 Kf8 23. h4 f6 24. hxg5 hxg5 25. Rf1 Kg7 26. Ne5 c5 27. Nf3 cxd4 28.
Nxd4 c6 29. Qe3 Kf7 30. Nxe6 Qxe6 31. Qxg5 Rg8 32. Qf4 Re8 33. Qh4 Kg7 34. Qf4
Qe3+ 35. Qxe3 Rxe3 36. Rf3 Rxf3 37. gxf3 Kg6 38. Kf2 Kf5 39. Ke3 Ke5 40. Kd3 f5
41. g4 fxg4 42. fxg4 Kf4 43. g5 Kxg5 44. Kd4 Kf4 45. c4 bxc4 46. Kxc4 Ke4 47.
Kc5 Kd3 48. a4 Kc3 49. a5 Kb3 50. Kxc6 Kc4 51. Kb6 Kd5 52. Kxa6 Kc6 1/2-1/2

[Event "Portugal Open 2020"]
[Site "Lisboa POR"]
[Date "2020.01.31"]
[Round "8.97"]
[White "Lança, Luis"]
[Black "Corrie, Michael"]
[Result "1/2-1/2"]
[WhiteElo "1281"]
[BlackElo "1423"]
[WhiteFideId "1936450"]
[BlackFideId "2631067"]
[WhiteCountry "POR"]
[BlackCountry "CAN"]
[PlyCount "144"]
[EventDate "2020.01.25"]

1. e4 e6 2. d4 d5 3. Bd3 dxe4 4. Bxe4 Nf6 5. Bg5 h6 6. Bxf6 Qxf6 7. c3 Bd6 8.
Nd2 O-O 9. Ngf3 e5 10. d5 Bf5 11. O-O Nd7 12. Qc2 Bxe4 13. Nxe4 Qe7 14. c4 Nc5
15. Rfe1 Nxe4 16. Rxe4 f5 17. Re2 e4 18. Rc1 Qf6 19. Nd2 h5 20. f3 Qe5 21. Nf1
Qd4+ 22. Kh1 exf3 23. gxf3 Qf4 24. Qc3 Rae8 25. Rg2 Be5 26. Qe3 Qh4 27. Qxa7 Bd4
28. Qa5 Qf4 29. Qd2 Be3 30. Nxe3 Rxe3 31. Rc3 Rfe8 32. Rxe3 Rxe3 33. Rf2 Qe5 34.
b3 Re1+ 35. Kg2 f4 36. Rf1 Qg5+ 37. Kf2 Qh4+ 38. Kg1 Qg5+ 39. Qg2 Rxf1+ 40. Kxf1
Qe5 41. Qe2 Qf5 42. Qe8+ Kh7 43. Qe4 Kg6 44. Kf2 Kf6 45. Qxf5+ Kxf5 46. h4 g5
47. hxg5 Kxg5 48. c5 Kf5 49. c6 bxc6 50. dxc6 Ke5 51. Kg2 Kd4 52. Kh3 Ke3 53.
Kg2 Kd4 54. a4 Kc5 55. a5 Kxc6 56. b4 Kb5 57. Kh3 c5 58. bxc5 Kxa5 59. Kh4 Kb5
60. c6 Kxc6 61. Kxh5 Kd5 62. Kg4 Ke6 63. Kxf4 Kf6 64. Kg4 Kg6 65. f4 Kf6 66. f5
Kf7 67. Kg5 Kg7 68. f6+ Kf8 69. Kg6 Kg8 70. Kf5 Kf7 71. Ke5 Kf8 72. Ke6 Ke8
1/2-1/2

[Event "Portugal Open 2020"]
[Site "Lisboa POR"]
[Date "2020.01.31"]
[Round "8.98"]
[White "Dias, António"]
[Black "Florissi, Aldo"]
[Result "1-0"]
[WhiteElo "1732"]
[BlackElo "1351"]
[WhiteFideId "1928040"]
[BlackFideId "28513428"]
[WhiteCountry "POR"]
[BlackCountry "ITA"]
[PlyCount "85"]
[EventDate "2020.01.25"]

1. c4 c5 2. Nf3 Nf6 3. g3 g6 4. Bg2 Bg7 5. Nc3 Nc6 6. O-O O-O 7. d4 cxd4 8. Nxd4
Nxd4 9. Qxd4 d6 10. Rd1 Nd7 11. Qh4 Rb8 12. Bg5 f6 13. Bd5+ Kh8 14. Be3 Ne5 15.
Bxa7 Ra8 16. Bd4 g5 17. Qe4 Qd7 18. Qc2 Qh3 19. Bg2 Qh5 20. Bxe5 fxe5 21. Nd5
Bf5 22. Qd2 Rf7 23. Ne3 Be6 24. Bxb7 Raf8 25. Rf1 Bh3 26. Ng2 Bh6 27. a4 Be6 28.
a5 Bxc4 29. f3 g4 30. Qc2 d5 31. f4 exf4 32. Nxf4 Bxf4 33. Rxf4 Rxf4 34. gxf4
Rxf4 35. a6 e5 36. Qc3 d4 37. Qxc4 g3 38. Qc8+ Kg7 39. hxg3 Qg5 40. Kg2 e4 41.
Qd7+ Rf7 42. Qxd4+ Qf6 43. Qxf6+ 1-0

[Event "Portugal Open 2020"]
[Site "Lisboa POR"]
[Date "2020.01.31"]
[Round "8.99"]
[White "Bártolo, Diogo"]
[Black "Oliveira, António Augusto"]
[Result "0-1"]
[WhiteElo "1216"]
[BlackElo "1568"]
[WhiteFideId "1946757"]
[BlackFideId "1943235"]
[WhiteCountry "POR"]
[BlackCountry "POR"]
[PlyCount "60"]
[EventDate "2020.01.25"]

1. e4 c5 2. Nf3 g6 3. d4 cxd4 4. Qxd4 Nf6 5. e5 Nc6 6. Qf4 Nh5 7. Qd2 Qc7 8. g4
Ng7 9. Qc3 Ne6 10. Bc4 Bg7 11. Bxe6 fxe6 12. O-O O-O 13. Re1 d6 14. Bg5 Rf7 15.
b4 Qb6 16. Re4 Nxe5 17. Nd4 Nf3+ 18. Kg2 Nxg5 19. Nd2 Nxe4 20. Nxe4 Bxd4 21. Qe1
d5 22. c3 Bf6 23. Nc5 Bh4 24. Nd3 Bd7 25. a3 Bb5 26. Nc5 Rxf2+ 27. Kh3 Rxh2+ 28.
Kxh2 Bxe1 29. Rxe1 Bd7 30. Nxd7 Qf2+ 0-1

[Event "Portugal Open 2020"]
[Site "Lisboa POR"]
[Date "2020.01.31"]
[Round "8.101"]
[White "Moura, Miguel"]
[Black "Rosa, José"]
[Result "0-1"]
[WhiteElo "1029"]
[BlackElo "1224"]
[WhiteFideId "1963430"]
[BlackFideId "1961977"]
[WhiteCountry "POR"]
[BlackCountry "POR"]
[PlyCount "86"]
[EventDate "2020.01.25"]

1. e4 c5 2. Nf3 g6 3. d4 cxd4 4. Nxd4 Nf6 5. Nc3 d6 6. Bc4 Bg7 7. Bb3 Nc6 8. Be3
Ng4 9. Qd2 Nxe3 10. Nxc6 Nxg2+ 11. Kf1 bxc6 12. Kxg2 O-O 13. Rad1 Qd7 14. h3 Bb7
15. Rhe1 c5 16. Bd5 Bxd5 17. exd5 Rab8 18. b3 e6 19. Re3 Bh6 20. Ne4 Qe7 21. Rf1
Bxe3 22. fxe3 Rfe8 23. Nf6+ Kg7 24. Nxe8+ Rxe8 25. Qc3+ Kg8 26. Rf3 Qg5+ 27. Kf2
Qxd5 28. Qf6 Qd2+ 29. Kg3 Qe1+ 30. Kg4 Qg1+ 31. Rg3 h5+ 32. Kh4 Qe1 33. Qf4 Qb4
34. c4 d5 35. Rf3 f5 36. Qg5 Kh7 37. Rg3 Rg8 38. Qe7+ Rg7 39. Qxe6 dxc4 40. bxc4
Kh6 41. Rg5 Qe1+ 42. Rg3 f4 43. exf4 Qxe6 0-1

[Event "Portugal Open 2020"]
[Site "Lisboa POR"]
[Date "2020.01.31"]
[Round "8.103"]
[White "Martins, Domingos"]
[Black "Guedes, Rui Pedro"]
[Result "1-0"]
[WhiteElo "1332"]
[BlackElo "1109"]
[WhiteFideId "1947389"]
[BlackFideId "1916084"]
[WhiteCountry "POR"]
[BlackCountry "POR"]
[PlyCount "78"]
[EventDate "2020.01.25"]

1. d4 Nf6 2. Nc3 d5 3. Bf4 e6 4. e3 c5 5. Nf3 cxd4 6. exd4 Bd6 7. Bg3 Nc6 8. Bd3
Bd7 9. Bxd6 Qb6 10. b4 Nxd4 11. Bc5 Nxf3+ 12. Qxf3 Qc6 13. O-O b6 14. Bd4 Ke7
15. Rae1 Qa4 16. Nxa4 Bxa4 17. c4 dxc4 18. Bxc4 Rhd8 19. Bxb6 Rdc8 20. Bc5+ Ke8
21. Bd4 Ke7 22. Rd1 Bxd1 23. Rxd1 Rab8 24. Bc5+ Ke8 25. Ba6 Rd8 26. Rxd8+ Rxd8
27. h3 Rb8 28. Qc6+ Nd7 29. Qd6 Nxc5 30. Qxc5 Rd8 31. Bb5+ Rd7 32. Qc8+ Ke7 33.
Qxd7+ Kf6 34. g4 h6 35. Qd8+ Ke5 36. a4 f6 37. Qc7+ Kd5 38. Qxg7 f5 39. gxf5
exf5 1-0

[Event "Portugal Open 2020"]
[Site "Lisboa POR"]
[Date "2020.02.01"]
[Round "9.23"]
[White "Silva, Gonçalo"]
[Black "González Trigal, Jose Luis"]
[Result "0-1"]
[WhiteElo "2133"]
[BlackElo "2369"]
[WhiteFideId "1915100"]
[BlackFideId "2212420"]
[BlackTitle "IM"]
[WhiteCountry "POR"]
[BlackCountry "ESP"]
[PlyCount "162"]
[EventDate "2020.??.??"]

1. e4 c5 2. Nf3 d6 3. Bb5+ Bd7 4. Bxd7+ Nxd7 5. c3 Ngf6 6. Qe2 Rc8 7. d4 cxd4 8.
Nxd4 g6 9. O-O Bg7 10. Bg5 O-O 11. Nd2 Qa5 12. Bh4 Rfe8 13. a4 Qh5 14. Qxh5 Nxh5
15. N2b3 Nf4 16. Rfd1 Ne6 17. f3 Ne5 18. Nxe6 fxe6 19. Kf2 Nc4 20. Rab1 Bh6 21.
Rd3 e5 22. Ke2 Rc6 23. Na1 b5 24. b3 Na3 25. axb5 Nxb5 26. c4 Nd4+ 27. Kd1 Rb8
28. Bxe7 Kf7 29. Bh4 Rxc4 30. Bf2 Rcb4 31. Bxd4 Rxd4 32. Ke2 Ra4 33. bxa4 Rxb1
34. Nc2 Rb2 35. Rc3 Ke6 36. Kd3 Kd7 37. h3 Rb1 38. Ke2 Rc1 39. Rc4 a6 40. Na3
Rg1 41. Kf2 Ra1 42. Nc2 Rc1 43. Ke2 Bg5 44. g3 h5 45. h4 Bd8 46. Ne3 Rxc4 47.
Nxc4 Kc6 48. Kd3 Kc5 49. Kc3 Bc7 50. a5 Bd8 51. Kd3 Bc7 52. Kc3 d5 53. exd5 Kxd5
54. Kd3 Kc5 55. g4 Kd5 56. g5 Bd8 57. Ne3+ Kc5 58. Nc4 Bc7 59. Kc3 Kb5 60. Kb3
Kc5 61. Kc3 e4 62. fxe4 Bg3 63. Nb6 Bxh4 64. Nd7+ Kd6 65. Nb8 Bxg5 66. Kd4 Bf6+
67. Ke3 Bc3 68. Nxa6 Bxa5 69. Kf3 g5 70. e5+ Kxe5 71. Nc5 g4+ 72. Kg3 Kf5 73.
Nd3 Kg5 74. Kg2 Bc7 75. Nc5 Be5 76. Ne4+ Kf5 77. Nf2 Bd4 78. Nh1 h4 79. Kh2 Kf4
80. Kg2 Bc5 81. Kf1 Kf3 0-1

[Event "Portugal Open 2020"]
[Site "Lisboa POR"]
[Date "2020.02.01"]
[Round "9.36"]
[White "Cambando, José"]
[Black "Lopez De Turiso, José Angel"]
[Result "1/2-1/2"]
[WhiteElo "2166"]
[BlackElo "1893"]
[WhiteFideId "10100563"]
[BlackFideId "2207680"]
[WhiteTitle "CM"]
[WhiteCountry "ANG"]
[BlackCountry "ESP"]
[PlyCount "130"]
[EventDate "2020.??.??"]

1. e4 e5 2. Nf3 Nc6 3. Bb5 a6 4. Ba4 f5 5. d3 fxe4 6. dxe4 Nf6 7. Nc3 Bb4 8. Bg5
O-O 9. O-O Bxc3 10. bxc3 d6 11. Rb1 Kh8 12. Nh4 Qe8 13. f3 Qh5 14. Qd2 h6 15.
Bxf6 Rxf6 16. g3 Ne7 17. f4 b5 18. Bb3 exf4 19. Rxf4 Rxf4 20. Qxf4 Bb7 21. Re1
Ng6 22. Qf5 Qxf5 23. exf5 Nxh4 24. gxh4 Rf8 25. Re7 Rxf5 26. Rxc7 Be4 27. Ra7
Rc5 28. Rxa6 Rxc3 29. Rxd6 Bxc2 30. Rd8+ Kh7 31. Bg8+ Kg6 32. Rd6+ Kh5 33. Rd5+
Kxh4 34. Rxb5 Ra3 35. Rb2 Bf5 36. Rb4+ Kh5 37. Bb3 g6 38. Kf2 Kg5 39. Ke1 Ra5
40. a4 Bd3 41. Kd2 Ba6 42. h4+ Kf6 43. Rb6+ Kg7 44. Bc2 g5 45. Rg6+ Kf7 46. Rxh6
gxh4 47. Rxh4 Ke7 48. Rd4 Rc5 49. Bb3 Bf1 50. Rf4 Ba6 51. Rf7+ Kd8 52. Ra7 Rc6
53. Ke3 Rc3+ 54. Kd4 Rxb3 55. Rxa6 Kc7 56. Kc4 Rb1 57. Ra5 Kb6 58. Rb5+ Rxb5 59.
axb5 Kb7 60. Kc5 Kc7 61. b6+ Kb7 62. Kb5 Kb8 63. Kb4 Kb7 64. Ka5 Kb8 65. Ka6 Ka8
1/2-1/2

[Event "Portugal Open 2020"]
[Site "Lisboa POR"]
[Date "2020.02.01"]
[Round "9.43"]
[White "Chennaoui, Yasin"]
[Black "Fielding, Michael"]
[Result "1-0"]
[WhiteElo "2093"]
[BlackElo "1781"]
[WhiteFideId "1330667"]
[BlackFideId "447269"]
[WhiteCountry "SUI"]
[BlackCountry "ENG"]
[PlyCount "51"]
[EventDate "2020.01.25"]

1. c4 e5 2. g3 f5 3. Bg2 Nf6 4. Nc3 Nc6 5. e3 Be7 6. Nge2 O-O 7. O-O d6 8. b3
Qe8 9. Ba3 a6 10. Rc1 Be6 11. d4 Bf7 12. Nd5 Rc8 13. dxe5 Nxe5 14. Nxe7+ Qxe7
15. Bxb7 Rb8 16. Bg2 Bh5 17. Qc2 Nf3+ 18. Kh1 Ne4 19. Nf4 Qf7 20. Qe2 Ned2 21.
Rfd1 g5 22. Rxd2 Nxd2 23. Qxd2 gxf4 24. Bd5 Bf3+ 25. Bxf3 Qg6 26. Bd5+ 1-0

[Event "Portugal Open 2020"]
[Site "Lisboa POR"]
[Date "2020.02.01"]
[Round "9.44"]
[White "Fidalgo, Daniel"]
[Black "Martins, José Carlos"]
[Result "1-0"]
[WhiteElo "2076"]
[BlackElo "1667"]
[WhiteFideId "1934279"]
[BlackFideId "1946005"]
[WhiteCountry "POR"]
[BlackCountry "POR"]
[PlyCount "69"]
[EventDate "2020.01.25"]

1. c4 c5 2. g3 Nc6 3. Bg2 g6 4. Nc3 Bg7 5. e3 e6 6. Nge2 Nge7 7. d4 cxd4 8. exd4
d5 9. cxd5 exd5 10. O-O O-O 11. Bg5 Qb6 12. Qd2 Be6 13. Na4 Qc7 14. Rac1 Nf5 15.
Rfd1 h6 16. Bf4 Qe7 17. Be3 Rfe8 18. Nac3 Qd7 19. Nf4 Ncxd4 20. Ncxd5 Rac8 21.
g4 Nxe3 22. fxe3 g5 23. Nxe6 Rxc1 24. Nxd4 Rxd1+ 25. Qxd1 Be5 26. Nf5 Rd8 27.
Nxh6+ Kh7 28. Nf5 Bxb2 29. Qf3 Rh8 30. Qe4 Kg8 31. Nde7+ Kf8 32. Qb4 Qd1+ 33.
Bf1 Ba3 34. Qxa3 Qxg4+ 35. Ng3 1-0

[Event "Portugal Open 2020"]
[Site "Lisboa POR"]
[Date "2020.02.01"]
[Round "9.46"]
[White "Santos, José Gulherme"]
[Black "Pena Barbeito, Rodrigo"]
[Result "1-0"]
[WhiteElo "2211"]
[BlackElo "1658"]
[WhiteFideId "1939300"]
[BlackFideId "22228055"]
[WhiteTitle "NM"]
[WhiteCountry "POR"]
[BlackCountry "ESP"]
[PlyCount "71"]
[EventDate "2020.01.25"]

1. c4 c5 2. Nf3 Nc6 3. Nc3 Nf6 4. e3 d5 5. cxd5 Nxd5 6. Bb5 Nc7 7. Be2 e5 8. a3
a5 9. Qc2 Be7 10. Na4 Ne6 11. b3 O-O 12. Bb2 f6 13. O-O Rb8 14. Bb5 Na7 15. Bd3
h6 16. Nh4 Ng5 17. f4 e4 18. Bc4+ Nf7 19. Qxe4 b5 20. Bd3 Nh8 21. Qh7+ Kf7 22.
Nc3 Be6 23. Be2 Rg8 24. d4 cxd4 25. exd4 Qxd4+ 26. Kh1 Bxb3 27. Nf5 Qd2 28. Rf2
Qd7 29. Nxh6+ Kf8 30. Nxg8 Bxg8 31. Qxh8 Bc5 32. Rd1 Qe6 33. Bf3 Qf5 34. Be4 Qg4
35. Bd5 Ke7 36. Re2+ 1-0

[Event "Portugal Open 2020"]
[Site "Lisboa POR"]
[Date "2020.02.01"]
[Round "9.47"]
[White "Silva, Tiago Alexandre"]
[Black "Santos, António P"]
[Result "0-1"]
[WhiteElo "1855"]
[BlackElo "2152"]
[WhiteFideId "1935321"]
[BlackFideId "1900161"]
[BlackTitle "FM"]
[WhiteCountry "POR"]
[BlackCountry "POR"]
[PlyCount "40"]
[EventDate "2020.01.25"]

1. Nf3 c5 2. b3 d5 3. Bb2 Nc6 4. e3 Nf6 5. c4 d4 6. exd4 cxd4 7. d3 e5 8. Qe2
Bb4+ 9. Nbd2 O-O 10. a3 Bc3 11. O-O-O Qa5 12. Nb1 Bxb2+ 13. Qxb2 b5 14. b4 Qb6
15. Nbd2 a5 16. c5 Qc7 17. Ne4 axb4 18. axb4 Ra4 19. Nxf6+ gxf6 20. Nd2 Rxb4 0-1

[Event "Portugal Open 2020"]
[Site "Lisboa POR"]
[Date "2020.02.01"]
[Round "9.48"]
[White "Tieres, Cristiano"]
[Black "Röttgen, Jürgen"]
[Result "0-1"]
[WhiteElo "1852"]
[BlackElo "2131"]
[WhiteFideId "1924931"]
[BlackFideId "4629868"]
[WhiteCountry "POR"]
[BlackCountry "GER"]
[PlyCount "76"]
[EventDate "2020.01.25"]

1. d4 d5 2. c4 e6 3. Nc3 c5 4. cxd5 exd5 5. dxc5 d4 6. Na4 b5 7. cxb6 axb6 8. b3
b5 9. Nb2 Bb4+ 10. Bd2 Bc3 11. Bxc3 dxc3 12. Qxd8+ Kxd8 13. Nd3 Nc6 14. Nf3 Ke7
15. Kd1 Bf5 16. Kc2 b4 17. a4 Nf6 18. e3 Ng4 19. e4 Bxe4 20. Re1 f5 21. Be2 Nxf2
22. Ng5 Nxh1 23. Nxe4 fxe4 24. Bf3 Nd4+ 25. Kb1 Kd6 26. Rxe4 Nxf3 27. gxf3 Rhe8
28. Rd4+ Ke7 29. Rg4 Kf8 30. Rg1 Rad8 31. Nxb4 Nf2 32. Kc2 Re3 33. a5 Rd2+ 34.
Kc1 Nd3+ 35. Nxd3 Rexd3 36. Rg3 Ra2 37. b4 Rdd2 38. Kb1 Rdb2+ 0-1

[Event "Portugal Open 2020"]
[Site "Lisboa POR"]
[Date "2020.02.01"]
[Round "9.49"]
[White "Elias, Rúben"]
[Black "Fernandes, Alberto"]
[Result "0-1"]
[WhiteElo "1837"]
[BlackElo "2092"]
[WhiteFideId "1906453"]
[BlackFideId "1900277"]
[BlackTitle "NM"]
[WhiteCountry "POR"]
[BlackCountry "POR"]
[PlyCount "108"]
[EventDate "2020.01.25"]

1. e4 e5 2. Nf3 Nc6 3. Bc4 Bc5 4. c3 Nf6 5. O-O Bb6 6. Re1 d6 7. h3 O-O 8. d4
exd4 9. cxd4 d5 10. exd5 Nxd5 11. Nc3 Be6 12. Bg5 Qd6 13. Ne4 Qb4 14. b3 Nc3 15.
Nxc3 Bxc4 16. Bd2 Ba6 17. d5 Nd4 18. Re4 Nxf3+ 19. Qxf3 Qd6 20. b4 f5 21. Rf4
Qf6 22. Re1 g5 23. Re6 Qf7 24. Qg3 Qg7 25. Rf3 f4 26. Qg4 Bc4 27. Ne4 Bxd5 28.
Bc3 Bd4 29. Bxd4 Qxd4 30. Qxg5+ Kh8 31. Qe5+ Qxe5 32. Rxe5 Bxa2 33. Re7 Bd5 34.
Rd3 Bxe4 35. Rxe4 Rf7 36. Rf3 a5 37. bxa5 Rxa5 38. Rexf4 Rxf4 39. Rxf4 Ra1+ 40.
Kh2 b5 41. Rf7 Rc1 42. f4 b4 43. Rf8+ Kg7 44. Rb8 c5 45. Rb6 Rc3 46. Kg1 b3 47.
Kf1 c4 48. Rb4 Rc2 49. Rb7+ Kf8 50. Rxh7 b2 51. Rb7 Rc1+ 52. Ke2 b1=Q 53. Rxb1
Rxb1 54. g4 Rh1 0-1

[Event "Portugal Open 2020"]
[Site "Lisboa POR"]
[Date "2020.02.01"]
[Round "9.50"]
[White "Marzano, Carlo"]
[Black "Taylor, Robert Graham"]
[Result "1-0"]
[WhiteElo "2078"]
[BlackElo "1844"]
[WhiteFideId "802980"]
[BlackFideId "1800841"]
[WhiteCountry "ITA"]
[BlackCountry "WLS"]
[PlyCount "149"]
[EventDate "2020.01.25"]

1. d4 Nf6 2. c4 g6 3. Nc3 Bg7 4. e4 d6 5. Be2 O-O 6. Nf3 Nbd7 7. O-O e5 8. Be3
Ng4 9. Bg5 f6 10. Bd2 Nh6 11. Qc2 Nf7 12. Be3 Re8 13. d5 b6 14. b4 Nf8 15. Nd2
f5 16. f3 f4 17. Bf2 g5 18. c5 h5 19. Bb5 Bd7 20. Rfc1 g4 21. Bxd7 Nxd7 22. cxb6
cxb6 23. Qa4 a6 24. Qc6 g3 25. hxg3 fxg3 26. Bxg3 Bh6 27. Be1 Be3+ 28. Kf1 Rc8
29. Qb7 Rc7 30. Qxa6 Qg5 31. Qd3 Rec8 32. Ne2 h4 33. Rxc7 Rxc7 34. Nc4 h3 35.
gxh3 Bf4 36. Bf2 b5 37. Ne3 Qh5 38. Ng1 Ng5 39. Kg2 Nf6 40. Ng4 Nxg4 41. fxg4
Qh7 42. a4 Nxe4 43. axb5 Nxf2 44. Qxh7+ Kxh7 45. b6 Rc8 46. Kxf2 Rb8 47. Ra6 e4
48. Ne2 Bg5 49. Nc3 e3+ 50. Ke2 Bf6 51. Ne4 Bd4 52. Nxd6 Bxb6 53. Nf5 Kg6 54.
Nxe3 Kg5 55. Nf5 Bd8 56. Kf3 Bb6 57. h4+ Kf6 58. Ne3 Ke7 59. Ke4 Bd8 60. Nf5+
Kf8 61. g5 Rxb4+ 62. Ke5 Bc7+ 63. d6 Bb8 64. Ra8 Kf7 65. Kd5 Rb5+ 66. Kc6 Rxf5
67. Rxb8 Rf1 68. Rb7+ Kg6 69. d7 Rc1+ 70. Kd6 Rd1+ 71. Ke7 Rc1 72. Ke8 Re1+ 73.
Kd8 Rf1 74. Rb6+ Kg7 75. Ke7 1-0

[Event "Portugal Open 2020"]
[Site "Lisboa POR"]
[Date "2020.02.01"]
[Round "9.51"]
[White "Guerreiro, Nuno"]
[Black "Elias, Benjamim"]
[Result "1-0"]
[WhiteElo "2071"]
[BlackElo "1807"]
[WhiteFideId "1903012"]
[BlackFideId "1903578"]
[WhiteCountry "POR"]
[BlackCountry "POR"]
[PlyCount "63"]
[EventDate "2020.01.25"]

1. Nf3 g6 2. g3 Bg7 3. Bg2 d6 4. O-O Nd7 5. c4 e5 6. Nc3 Ne7 7. d4 O-O 8. e4 c6
9. Be3 Nb6 10. b3 Bg4 11. dxe5 Bxf3 12. Bxf3 Bxe5 13. Rc1 Bg7 14. Qd2 Qc7 15.
Rfd1 Rad8 16. Bg2 Nbc8 17. Ne2 c5 18. Bg5 f6 19. Be3 g5 20. Bh3 h6 21. Be6+ Kh8
22. Kg2 Nc6 23. h4 Rfe8 24. Bd5 Qe7 25. hxg5 fxg5 26. Bxg5 Qxg5 27. Qxg5 hxg5
28. Rh1+ Bh6 29. Rxh6+ Kg7 30. Rh5 Re5 31. Rch1 N6e7 32. Rh7+ 1-0

[Event "Portugal Open 2020"]
[Site "Lisboa POR"]
[Date "2020.02.01"]
[Round "9.52"]
[White "Maric, Boris"]
[Black "Avelino, Camila"]
[Result "1-0"]
[WhiteElo "2034"]
[BlackElo "1802"]
[WhiteFideId "16211367"]
[BlackFideId "1938975"]
[WhiteCountry "GER"]
[BlackCountry "POR"]
[PlyCount "104"]
[EventDate "2020.01.25"]

1. d4 Nf6 2. c4 g6 3. Nc3 Bg7 4. e4 d6 5. Be2 O-O 6. Be3 Nbd7 7. Qd2 e5 8. d5
Nc5 9. f3 a5 10. g4 h5 11. Nh3 hxg4 12. Nf2 gxf3 13. Bxf3 Nfxe4 14. Ncxe4 Nxe4
15. Nxe4 f5 16. Bg5 Qd7 17. Nf2 e4 18. Bg2 Qa4 19. O-O Qxc4 20. Rfc1 Qd4 21.
Rxc7 Qxd2 22. Bxd2 Bxb2 23. Rb1 Bd4 24. Bc3 Bxc3 25. Rxc3 Re8 26. Rc7 b5 27. Nh3
Ba6 28. Nf4 Rac8 29. Rbc1 Rxc7 30. Rxc7 e3 31. Ne6 Rc8 32. Rxc8+ Bxc8 33. Nd4
Bd7 34. h4 Kf7 35. Kf1 Kf6 36. Ke2 f4 37. Nc6 g5 38. hxg5+ Kxg5 39. Nxa5 Kf6 40.
Nc6 Kg5 41. Bf3 Kh4 42. a3 Kg3 43. Nd4 Kh4 44. Kd3 Kg3 45. Ke4 Be8 46. Nf5+ Kf2
47. Nxd6 Bd7 48. Kxf4 e2 49. Ne4+ Ke1 50. Ke3 Kd1 51. Bxe2+ Kc2 52. Kd4 Kb3 1-0

[Event "Portugal Open 2020"]
[Site "Lisboa POR"]
[Date "2020.02.01"]
[Round "9.53"]
[White "Pina, Tiago"]
[Black "Kurylski, Leonardo"]
[Result "0-1"]
[WhiteElo "1816"]
[BlackElo "1980"]
[WhiteFideId "1950673"]
[BlackFideId "1928988"]
[WhiteCountry "POR"]
[BlackCountry "POR"]
[PlyCount "54"]
[EventDate "2020.01.25"]

1. e4 d6 2. d4 g6 3. Nc3 Bg7 4. f4 e6 5. Nf3 Ne7 6. Be3 b6 7. Qd2 d5 8. e5 Ba6
9. Bxa6 Nxa6 10. Qe2 Qc8 11. g4 h5 12. gxh5 Rxh5 13. Ng5 Nf5 14. Bf2 c6 15.
O-O-O Qb7 16. Rdg1 Ke7 17. Qg4 Rah8 18. Nxf7 Kxf7 19. Qxg6+ Kf8 20. Qxe6 R8h6
21. Rg6 Nc7 22. Rxh6 Nxe6 23. Rxh5 Qf7 24. Rh3 Nxf4 25. Rf3 Qh5 26. Rxf4 Bh6 27.
Be3 Bxf4 0-1

[Event "Portugal Open 2020"]
[Site "Lisboa POR"]
[Date "2020.02.01"]
[Round "9.54"]
[White "Guia, Artur"]
[Black "Zilles, Paul"]
[Result "1-0"]
[WhiteElo "1928"]
[BlackElo "1761"]
[WhiteFideId "1946781"]
[BlackFideId "205990"]
[WhiteCountry "POR"]
[BlackCountry "BEL"]
[PlyCount "37"]
[EventDate "2020.01.25"]

1. d4 d5 2. Bf4 Nf6 3. Nf3 e6 4. e3 c5 5. c3 a6 6. Nbd2 cxd4 7. cxd4 Nc6 8. Bd3
Bd6 9. Bg3 Bxg3 10. hxg3 Bd7 11. a4 Ne7 12. Ne5 O-O 13. g4 g6 14. Qf3 Kg7 15. g5
Ne8 16. O-O-O f5 17. Rxh7+ Kxh7 18. Qh3+ Kg7 19. Qh6+ 1-0

[Event "Portugal Open 2020"]
[Site "Lisboa POR"]
[Date "2020.02.01"]
[Round "9.55"]
[White "Santos, Isabel P"]
[Black "Monteiro, José"]
[Result "0-1"]
[WhiteElo "1782"]
[BlackElo "1881"]
[WhiteFideId "1921681"]
[BlackFideId "1908057"]
[WhiteCountry "POR"]
[BlackCountry "POR"]
[PlyCount "102"]
[EventDate "2020.01.25"]

1. d4 Nf6 2. c4 c5 3. d5 b5 4. cxb5 a6 5. bxa6 Bxa6 6. Nc3 g6 7. Nf3 Bg7 8. g3
d6 9. e4 Bxf1 10. Kxf1 O-O 11. Kg2 Nbd7 12. Re1 Ng4 13. a4 c4 14. Nd2 Nge5 15.
f4 Nd3 16. Re3 Nxb2 17. Bxb2 Qb6 18. Nxc4 Qb4 19. Qe2 Rfc8 20. a5 Qxc4 21. Qxc4
Rxc4 22. Ra3 Nc5 23. e5 Rb4 24. Ba1 Rb3 25. Nd1 Rb5 26. Bc3 Nb7 27. a6 Nc5 28.
a7 Rb7 29. exd6 exd6 30. Re8+ Rxe8 31. a8=Q Rxa8 32. Rxa8+ Bf8 33. Bf6 Ne4 34.
Bd4 f5 35. Ne3 Kf7 36. Ra7 Rxa7 37. Bxa7 Bg7 38. h3 Bc3 39. g4 fxg4 40. hxg4 Bd2
41. Kf3 Bxe3 42. Kxe3 Nf6 43. g5 Nxd5+ 44. Ke4 Nc3+ 45. Kd3 Nb5 46. Be3 d5 47.
Bc1 Ke6 48. Bb2 Nd6 49. Be5 Ne4 50. Bb8 Kf5 51. Kd4 Nf2 0-1

[Event "Portugal Open 2020"]
[Site "Lisboa POR"]
[Date "2020.02.01"]
[Round "9.56"]
[White "Aguiar, Carlos"]
[Black "Santos, Júlio"]
[Result "0-1"]
[WhiteElo "1764"]
[BlackElo "1880"]
[WhiteFideId "1902571"]
[BlackFideId "1900650"]
[BlackTitle "NM"]
[WhiteCountry "POR"]
[BlackCountry "POR"]
[PlyCount "80"]
[EventDate "2020.01.25"]

1. d4 d5 2. c4 e6 3. Nc3 Nf6 4. Nf3 Nbd7 5. cxd5 exd5 6. Bg5 h6 7. Bh4 Be7 8. e3
c6 9. Bd3 Ne4 10. Bxe7 Qxe7 11. Bxe4 dxe4 12. Nd2 f5 13. Qh5+ Qf7 14. Qxf7+ Kxf7
15. g4 Nf6 16. gxf5 Bxf5 17. Nc4 Rad8 18. Ne5+ Ke6 19. b4 Nd5 20. Nxd5 Rxd5 21.
Rc1 a5 22. Rb1 Rb5 23. Kd2 Ra8 24. Rhc1 axb4 25. Rb2 Kf6 26. Nc4 Ke7 27. Ke2 Be6
28. Rcc2 Bg4+ 29. Ke1 Be6 30. Ke2 Bd5 31. Ke1 g5 32. Kf1 Ke6 33. Kg2 b6 34. Kf1
c5 35. Ke2 Bxc4+ 36. Rxc4 Kd5 37. Rbc2 Rxa2 38. Rxc5+ bxc5 39. Rxa2 c4 40. Kd2
c3+ 0-1